| 000 | 00441nam a2200181Ia 4500 | ||
|---|---|---|---|
| 001 | 19413 | ||
| 005 | 20260306172651.0 | ||
| 008 | 260306t2000||||xx |||||||||||||| ||spa|| | ||
| 041 | _aESP | ||
| 082 |
_a659.2 _bN82 |
||
| 100 |
_aNorero Laura, Aldo _eAUT |
||
| 245 | 0 | _aResponsabilidad social y relaciones públicas | |
| 260 | _c2000 | ||
| 300 |
_a243 páginas : _c20 cm. |
||
| 650 | _aGEN | ||
| 654 | _aCAN | ||
| 942 |
_cLIB _dJUS _fJUS _2ddc _n |
||
| 999 |
_c19413 _d19413 |
||